[Event "Arad op-A"]
[Site "Arad"]
[Date "2011.08.05"]
[Round "1"]
[White "Mester, Dorin"]
[Black "Ardeleanu, Alin"]
[Result "0-1"]
[WhiteElo "1840"]
[BlackElo "2394"]
[PlyCount "60"]
[EventDate "2011.08.05"]
[EventType "swiss"]
[EventRounds "9"]
[EventCountry "ROU"]
[SourceTitle "CBM 143 Extra"]
[Source "ChessBase"]
[SourceDate "2011.08.29"]
[SourceVersion "1"]
[SourceVersionDate "2011.08.29"]
[SourceQuality "1"]

1. e4 c5 2. f4 a6 3. Nf3 Nc6 4. b3 Nf6 5. Nc3 d6 6. Bb2 b5 7. Qe2 e6 8. h3 Bb7 9. d3 Be7 10. g4 Nd4 11. Qf2 b4 12. Nd1 Nxf3+ 13. Qxf3 d5 14. Nf2 d4 15. Bg2 Nd7 16. Bc1 a5 17. g5 a4 18. f5 exf5 19. Qxf5 g6 20. Qf4 axb3 21. cxb3 0-0 22. 0-0 f6 23. gxf6 Nxf6 24. Qh6 Rf7 25. Bf3 Kh8 26. Qf4 Qf8 27. Qg3 Bd6 28. Qg5 Nd5 29. Bg4 Nf4 30. Bd2 h6 0-1